Größte Länder ohne Berge - Statistiken

Allgemein
  • Dieses Quiz wurde 422 mal gespielt
  • Das Durchschnittsergebnis liegt bei 4 aus 10
Antwortstatistiken
Km2 Länder % Korrekt
41,526 Niederlande
83%
43,098 Dänemark
64%
45,339 Estland
51%
65,201 Litauen
50%
64,589 Lettland
49%
207,600 Weißrußland
39%
17,820 Kuwait
18%
11,300 Gambia
9%
33,843 Moldau
8%
36,120 Guinea-Bissau
5%
Keine übereinstimmenden Quizze gefunden
Verteilung der Resultate
Anzahl Personen mit jedem Resultat
Perzentil nach korrekt beantworteten Fragen
Ihre Resultats-Entwicklung
Sie haben dieses Quiz noch nicht gespielt